000 00407nab a2200145Ia 4500
003 ES-SlBCS
005 20210601124300.0
008 140529s1957 xxu||||| |||| 00| 0 eng d
041 _aeng
100 1 _aKelley, Matthew J.
_950603
245 0 0 _aManichean Christmas?
_c Matthew J. Kelley
650 0 4 _aNavidades
_9139048
773 0 _tDominicana
_gvol. 42, nº. 4, 1957, págs. 305-311
_wRev1398
942 _cAR
999 _c512255
_d512255